000 00704nam a2200217 a 4500
001 BRCA_3800
005 20190320204429.0
008 221109s1928----mx-a######---#000-0#spa-#
041 _aspa
044 _amx
050 4 _aPQ7297
_b.I33 1928
100 1 _aIcaza y López Negrete, Xavier.
_99906
245 1 0 _aPanchito Chapopote
_bretablo tropical o relación de un extraordinario sucedido de la heroica Veracruz
_cXavier Icaza ; maderas originales de Ramón Alva de la Canal.
260 _aMéxico
_bCultura
_c1928
300 _a94 p.
_bil., 14 láminas
_c21 cm.
500 _aB161
651 4 _aVeracruz
_xHistoria
_99907
700 1 _aAlva de la Canal, Ramón
_99908
902 _aGFM
942 _2lcc
_cB
999 _c3529
_d3529